000 02032cam a2200421 a 4500
999 _c48871
_d48871
001 2219570
005 20191114091318.0
008 830214s1981 ch 000 0 eng
010 _a 83116514
020 _cNT$100.00 ($6.00 U.S.)
035 _a(OCoLC)ocn709094338
035 _a(CStRLIN)CTYOR019924-B
035 _a2219570
040 _aDLC
_cDLC
_dOCL
_dYUS
041 0 _achieng
066 _c$1
245 0 0 _6880-01
_aKu lian =
_bUnrequited love : Pai Hua's cinematic script, with related introductory materials /
_ceditors, Chang T.C., Chen S.Y., [and] Lin Y.T.
250 _a1st ed.
260 _aTaipei, Taiwan, R.O.C. :
_bInstitute of Current China Studies,
_c1981.
300 _a95, 117 p. ;
_c21 cm.
336 _atext
337 _aunmediated
338 _avolume
490 1 _6880-02
_aZhongguo wen ti yan jiu cong shu ;
_v3 =
_aChina study series ;
_vno. 3
505 0 _6880-03
_aBai Hua ji qi ku lian / Bian zhe -- Zhong gong dui ku lian zhi pi pan / Zhong gong Jie fang jun bao -- Ping Jie fang jun bao de chen ci lan diao / Liu Desheng -- Zai Zhong gong si ci wen dai hui shang de fa yan / Bai hua -- Dian ying ju ben ku lian / Bai Hua, Peng Ning.
700 1 2 _6880-04
_aBai, Hua,
_d1930-
_tKu lian.
_f1981.
700 1 _6880-05
_aPeng, Ning.
830 0 _6880-06
_aZhongguo wen ti yan jiu cong shu ;
_v3.
880 0 0 _6245-01/$1
_a苦戀 =
_bUnrequited love : Pai Hua's cinematic script, with related introductory materials /
_ceditors, Chang T.C., Chen S.Y., Lin Y.T.
880 1 _6490-02/$1
_a中國問題硏究叢書 ;
_v3 =
_aChina study series ;
_vno. 3
880 0 _6505-03/$1
_a白樺及其苦戀 / 編者 -- 中共對苦戀之批判 / 中共解放軍報 -- 評解放軍報的陳詞濫調 / 劉德生 -- 在中共四次文代會上的發言 / 白樺 -- 電影劇本苦戀 / 白樺, 彭寧.
880 1 2 _6700-04/$1
_a白樺,
_d1930-
_t苦戀.
_f1981.
880 1 _6700-05/$1
_a彭寧.
880 0 _6830-06/$1
_a中國問題硏究叢書 ;
_v3.
942 _2lcc
_cBK